Risk management at Slovak enterprises: an empirical study
Zhodnotenie súčasného stavu implementácie procesu analýzy a hodnotenie rizík týkajúcich sa malých a stredných podnikov. Definovanie hlavných problémov, ktoré sa malých a stredných podnikov pôsobiacich na Slovensku dotýkajú, prostredníctvom dotazníkového prieskumu vykonaného v roku 2017. Dotazník zam...
Guardado en:
| Autor principal: | |
|---|---|
| Otros Autores: | , |
| Formato: | Capítulo de libro |
| Lenguaje: | inglés |
| Materias: | |
| Etiquetas: |
Sin Etiquetas, Sea el primero en etiquetar este registro!
|
MARC
| LEADER | 00000naa a2200000 4500 | ||
|---|---|---|---|
| 001 | 0257264 | ||
| 005 | 20190729123711.3 | ||
| 041 | 0 | |a eng | |
| 044 | |a UA | ||
| 245 | 1 | 0 | |a Risk management at Slovak enterprises: an empirical study |c Stanislava Strelcová, Denisa Janasová, Ladislav Šimák |
| 520 | |a Zhodnotenie súčasného stavu implementácie procesu analýzy a hodnotenie rizík týkajúcich sa malých a stredných podnikov. Definovanie hlavných problémov, ktoré sa malých a stredných podnikov pôsobiacich na Slovensku dotýkajú, prostredníctvom dotazníkového prieskumu vykonaného v roku 2017. Dotazník zameraný na vykonávanie analýzy rizika a posudzovanie rizika. Metódy štatistického hodnotenia, a to jednoduchá klasifikácia štatistík a výpočty relatívnej účtovateľnosti. | ||
| 610 | 2 | 0 | |a riziko |
| 610 | 2 | 0 | |a podnik |
| 610 | 2 | 0 | |a podnik malý |
| 610 | 2 | 0 | |a podnik stredný |
| 610 | 2 | 0 | |a Slovensko |
| 610 | 2 | 0 | |a analýza dát |
| 610 | 2 | 0 | |a dotazníky |
| 100 | 1 | |a Strelcová, Stanislava | |
| 700 | 1 | |a Janasová, Denisa | |
| 700 | 1 | |a Šimák, Ladislav | |